000 01163naa a22003017a 4500
001 BR8704591
003 BR-BrBNA
005 20240918175827.0
007 ta
008 230509b bl.||||| |||| 00| 0 por d
040 _aBR-BrBNA
_bpor
_cBiblioteca Nacional de Agricultura
041 _a(Pt)
072 _aF30
_b0430
_bG514
090 _aF30 BR8704591
100 1 _aRibeiro, J.L.
100 1 _aAzevedo, J.N. de
111 1 _a3. Seminario de Pesquisa Agropecuaria do Piaui
_cTeresina, PI (Brazil)
_d5-8 Oct 1982
245 1 _aComportamento de cultivares e linhagens de algodoeiro herbaceo (Gossypium hirsutum L. r. latifolium Hutch.)no Estado do Piaui
260 3 _aTeresina, PI (Brasil):
_c1984.
500 _aAnais do 3. Seminario de Pesquisa Agropecuaria do Piaui Teresina, PI (Brasil): 1984. p. 100-112 (BR8704591-AM)F30
650 _aALGODAO HERBACEO
650 _aCOMPETICAO DE VARIEDADE
650 _aCOMPORTAMENTO DE VARIEDADE
650 _aPIAUI
773 0 _tAnais do 3. Seminario de Pesquisa Agropecuaria do Piaui
_wF30 BR8704591
_gTeresina, PI (Brasil), 1984. p. 100-112
909 _a202404
_bLucia
_c55
_dLucia Elande
942 _cAM
_2AGRIS
999 _c318325
_d318325